| 000 | 00434cam a2200181ua 4500 | ||
|---|---|---|---|
| 020 | _c2.00 | ||
| 041 |
_ahin _h |
||
| 082 |
_a891.54 _bSAT/MA |
||
| 100 | _aSatya prakash, Sangar . | ||
| 245 |
_aManzil se door / _cSatya prakash sangar. _hTextual Documents |
||
| 250 |
_a1 / _b. |
||
| 260 |
_aDelhi : _bRajkamal Prakash , _c1963. |
||
| 300 | _a73 ; . | ||
| 365 | _a2.00 | ||
| 504 | _a | ||
| 942 | _cBK | ||
| 999 |
_c8310 _d8310 |
||